History Quiz

Random History or Clickable Quiz

Heirs to the British Throne Quiz Stats

Quiz Updated Apr 27, 2018

Challenge
Share
Tweet
Embed
Score 0/18 Timer 05:00
15 Plays Today
% Correct
Prince Charles
95.6%
Prince William
93%
Prince Harry
87.8%
Prince Louis
86.8%
Prince George
84.8%
Princess Charlotte
83.9%
Prince Andrew
66.6%
Prince Edward
58.3%
Princess Eugenie
58%
% Correct
Princess Anne
55.3%
Princess Beatrice
51.3%
Mia Tindall
47%
Zara Tindall
41.7%
Peter Phillips
39.8%
Lady Louise
39.1%
Isla Phillips
37.2%
James, Viscount Severn
32.2%
Savannah Phillips
30.9%

You're not logged in!

Compare scores with friends on all Sporcle quizzes.
Join for Free
OR
Log In

You Might Also Like...

Show Comments

Extras

Top Quizzes Today


Score Distribution

Your Account Isn't Verified!

In order to create a playlist on Sporcle, you need to verify the email address you used during registration. Go to your Sporcle Settings to finish the process.

Report this User

Report this user for behavior that violates our Community Guidelines.

Details: